แสดงรายละเอียดบรรณานุกรม
  กลับหน้าหลัก

Brief Record : Get Marc (ISO 2709) : E-mail record : QR code ปิดหน้าต่าง
E-books : เกี่ยวกับ Collections
LEADER 00000nam 2200000uu 4500
001    213960
003     ULIBM
008    230908s||||||||th 000 0 tha d
020    ^a9780323697330
041    ^aeng
060 04 ^aWY85^bB959e 2020.
100 1  ^aBurkhardt, Margaret A.
245 10 ^aEthics & issues in contemporary nursing:^bnursing ethics for the 21st century/^cMargaret A.Burkhardt, Alvita K. Nathaniel
260    ^aSt.Louis, Miss :^bElsevier,^cc2020.
300    ^axv, 378 p. ;^c24 cm.
504    ^aIncludes bibliographical references and index
650  0 ^aNursing ethics
650  2 ^aEthics, Nursing
650  2 ^aInterprofessional Relations
650  2 ^aMoral Development
650  2 ^aPatient Advocacy
650  2 ^aProfessional Autonomy
700 1  ^aNathaniel, Alvita K.
999    ^aใช้งานได้ทุกระบบ
รายการนี้ยังไม่มีแท็ก
คุณยังไม่ได้ล็อกอิน คุณสามารถมีกิจกรรมร่วมกับเว็บไซต์ได้ แต่ต้องล็อกอินก่อน ::
  ล็อกอิน
ลำดับที่ ประเภท เลขเรียก สถานที่ สถานะ
1. การพยาบาล (ตำราหลัก)
การพยาบาล (ตำราหลัก)
WY85 B959e 2020 c.1 
  
การพยาบาลพื้นฐาน On Shelf
  ขอยืม
Note:จัดซื้อปีงบประมาณ 2564
   [แสดง 1/1 รายการ]

รายการใกล้เคียง
    ผู้แต่ง [Burkhardt, Margaret A.]

    หัวเรื่อง [Nursing ethics]
    หัวเรื่อง [Ethics, Nursing]

BibComment


ยังไม่เคยถูกคอมเมนท์

คอมเมนท์ทรัพยากรรายการนี้
  คอมเมนท์: Ethics issues i..
Bib 213960

 
 
 

 Union Library Management : ULibM
Copyright 2026. All Rights Reserved.
скачать бесплатно без регистрации порно красивый секс HD Sex Hindi sex

xxx gou

xxxx

bfxxx

xxxwww

Секса Видео

xxxx

Секса Видео

detube

geilexxx

C99 Shell

worms shell

blod xxx video
Ebony Coed Rihanna Rimes Takes A Dick In Her Young Twat priyaa indian fuck anal and pusssy hardcore indian women xxx desi hardcore fucking part 1 bengalixxxcouple